Escenarios de la identidad cultural de los jóvenes españoles: análisis desde la educación social /
La relación de la humanidad con las drogas se ha dado siempre en las diferentes culturas y épocas, aunque con matices diferenciadores en cuanto a sus usos, significados, tipos de sustancias empleadas. El objetivo de la investigación es aproximarse a la cultura juvenil española buscando la relación c...
Guardado en:
| Autor principal: | |
|---|---|
| Formato: | Texto |
| Materias: | |
| Etiquetas: |
Agregar Etiqueta
Sin Etiquetas, Sea el primero en etiquetar este registro!
|
MARC
| LEADER | 00000 a a2200000 04500 | ||
|---|---|---|---|
| 001 | 7757 | ||
| 003 | |||
| 040 | |||
| 100 | |a Añaños Bedriñana, Fanny T. | ||
| 245 | |a Escenarios de la identidad cultural de los jóvenes españoles: |b análisis desde la educación social / |c Fanny T. Añaños Bedriñana | ||
| 520 | |a La relación de la humanidad con las drogas se ha dado siempre en las diferentes culturas y épocas, aunque con matices diferenciadores en cuanto a sus usos, significados, tipos de sustancias empleadas. El objetivo de la investigación es aproximarse a la cultura juvenil española buscando la relación con las conductas de consumo de drogas | ||
| 650 | |a REPRESENTACION SOCIAL | ||
| 650 | |a CULTURA | ||
| 650 | |a JUVENTUD | ||
| 773 | |g volumen 12, número 24; páginas 71-100 | ||
| 999 | |c 28630 |d 28630 | ||
